000 00765nam a2200181Ia 4500
008 090124s9999 xx 000 0 und d
082 _b32819
100 _aटिळक ज. श्री.
245 _a विधानमंडळातील भाषणे व संसदीय विषयांवरील लेख
250 _a0
260 _c1995
300 _a234
600 _aटिळक ज. श्री.
630 _a विधानमंडळातील भाषणे व संसदीय विषयांवरील लेख
700 _aटिळक ज. श्री.
730 _a विधानमंडळातील भाषणे व संसदीय विषयांवरील लेख
942 _cBOOK
999 _c97979
_d97979